Kuate ahia nungzui ? (Record no. 10943)
[ view plain ]
| 000 -LEADER | |
|---|---|
| fixed length control field | 00378nam a22001577a 4500 |
| 003 - CONTROL NUMBER IDENTIFIER | |
| control field | GBCCL |
| 005 - DATE AND TIME OF LATEST TRANSACTION | |
| control field | 20251001115619.0 |
| 008 - FIXED-LENGTH DATA ELEMENTS--GENERAL INFORMATION | |
| fixed length control field | 251001b |||||||| |||| 00| 0 eng d |
| 040 ## - CATALOGING SOURCE | |
| Transcribing agency | GBC |
| 082 ## - DEWEY DECIMAL CLASSIFICATION NUMBER | |
| Classification number | VER 248.5 |
| Item number | SIA 1 |
| 100 ## - MAIN ENTRY--PERSONAL NAME | |
| Personal name | Siamlalmuan, L |
| 245 ## - TITLE STATEMENT | |
| Title | Kuate ahia nungzui ? |
| 260 ## - PUBLICATION, DISTRIBUTION, ETC. | |
| Place of publication, distribution, etc. | Lamka : |
| Name of publisher, distributor, etc. | Ginthanfel Dousel, |
| Date of publication, distribution, etc. | 2025 |
| 300 ## - PHYSICAL DESCRIPTION | |
| Extent | 138p. ; |
| 942 ## - ADDED ENTRY ELEMENTS (KOHA) | |
| Source of classification or shelving scheme | Dewey Decimal Classification |
| Koha item type | Books |
| Suppress in OPAC | No |
| Withdrawn status | Lost status | Source of classification or shelving scheme | Damaged status | Not for loan | Home library | Current Library | Shelving location | Date acquired | Total checkouts | Full call number | Barcode | Date last seen | Copy number | Price effective from | Koha item type |
|---|---|---|---|---|---|---|---|---|---|---|---|---|---|---|---|
| Dewey Decimal Classification | GRACE BIBLE COLLEGE | GRACE BIBLE COLLEGE | Vernacular | 2025-10-01 | VER 248.5 SIA | 021058 | 2025-10-01 | c.1 | 2025-10-01 | Books | |||||
| Dewey Decimal Classification | GRACE BIBLE COLLEGE | GRACE BIBLE COLLEGE | Vernacular | 2025-10-01 | VER 248.5 SIA | 021059 | 2025-10-01 | c.2 | 2025-10-01 | Books |